{"text_format":"3","workbook":"xlsx","n_sheets":2,"sheets":["экономика","победители призеры"],"not_rendered":{"defined_names":8},"read":"whole","date_system":"1900"}

{"sheet":"экономика","index":0,"n_rows":33,"n_cols":20,"rows_kept":33}
["№","Код участника","Название ОУ","СНИЛС","Фамилия","Имя","Отчество","Пол","Дата рождения","Участник с ОВЗ","Класс","Класс участия","Первичный балл","Добавлено по итогам апелляций","Итоговый балл","Макс. Балл","Статус","Призер регионального / республиканского этапа прошлого года","Учитель","Место работы учителя"]
[1,"454019_16574532490_10","Муниципальное бюджетное общеобразовательное учреждение \"Верхнесиметская средняя ощеобразовательная школа Сабинского муниципального района Республики Татарстан\"",16574532490,"Билалиева","Марьям","Дамировна","ж","2011-05-11","нет",8,8,15,null,15,100,"участник","нет","Саубанова Гульнара Ильдусовна","Муниципальное бюджетное общеобразовательное учреждение \"Верхнесиметская средняя ощеобразовательная школа Сабинского муниципального района Республики Татарстан\""]
[2,"454008_16524717068_10","Муниципальное бюджетное общеобразовательное учреждение \"Тимершикская  средняя ощеобразовательная школа Сабинского муниципального района Республики Татарстан\"",16524717068,"Шархымуллина","Лилия","Ильдаровна","ж","2011-04-16","нет",8,8,13,null,13,100,"участник","нет","Зарипова Зульфия Фидаиловна","Муниципальное бюджетное общеобразовательное учреждение \"Тимершикская  средняя ощеобразовательная школа Сабинского муниципального района Республики Татарстан\""]
[3,"452003_16609593197_10","Муниципальное бюджетное общеобразовательное учреждение \"Шеморданский лицей \"Рост\" Сабинского муниципального района Республики Татарстан\"",16609593197,"Насипов","Харис","Алмазович","м","2011-05-26","нет",8,8,25,null,25,100,"участник","нет","Хамзина Алия Мислахутдиновна","Муниципальное бюджетное общеобразовательное учреждение \"Шеморданский лицей \"Рост\" Сабинского муниципального района Республики Татарстан\""]
[4,"452003_16389942930_10","Муниципальное бюджетное общеобразовательное учреждение \"Шеморданский лицей \"Рост\" Сабинского муниципального района Республики Татарстан\"",16389942930,"Гатауллин","Дамир","Русланович","м","2011-01-13","нет",8,8,12,null,12,100,"участник","нет","Хамзина Алия Мислахутдиновна","Муниципальное бюджетное общеобразовательное учреждение \"Шеморданский лицей \"Рост\" Сабинского муниципального района Республики Татарстан\""]
[5,"451002_16277180176_10\n","Муниципальное бюджетное общеобразовательное учреждение «Центр образования «ОНИКС» для одаренных детей» Сабинского муниципального района Республики Татарстан",16277180176,"Мартынов\t\n","Дмитрий","Владимирович","м","06.11.2010\n","нет",8,8,55,null,55,100,"призер","нет","Габдрахманов Салават Саматович","Муниципальное бюджетное общеобразовательное учреждение «Центр образования «ОНИКС» для одаренных детей» Сабинского муниципального района Республики Татарстан"]
[6,"451002_17024885466_10","Муниципальное бюджетное общеобразовательное учреждение «Центр образования «ОНИКС» для одаренных детей» Сабинского муниципального района Республики Татарстан",17024885466,"Агакеримов","Даниил","Кириллович","м","2011-11-14","нет",8,8,39,null,39,100,"участник","нет","Габдрахманов Салават Саматович","Муниципальное бюджетное общеобразовательное учреждение «Центр образования «ОНИКС» для одаренных детей» Сабинского муниципального района Республики Татарстан"]
[7,"451002_16401768657_10","Муниципальное бюджетное общеобразовательное учреждение «Центр образования «ОНИКС» для одаренных детей» Сабинского муниципального района Республики Татарстан",16401768657,"Хазиахметов","Ирек","Искандерович","м","2011-02-09","нет",8,8,54,null,54,100,"участник","нет","Габдрахманов Салават Саматович","Муниципальное бюджетное общеобразовательное учреждение «Центр образования «ОНИКС» для одаренных детей» Сабинского муниципального района Республики Татарстан"]
[8,"451002_16217461653_10","Муниципальное бюджетное общеобразовательное учреждение «Центр образования «ОНИКС» для одаренных детей» Сабинского муниципального района Республики Татарстан",16217461653,"Имамутдинов","Габдельгазиз","Газинурович","м","2010-09-28","нет",8,8,36,null,36,100,"участник","нет","Габдрахманов Салават Саматович","Муниципальное бюджетное общеобразовательное учреждение «Центр образования «ОНИКС» для одаренных детей» Сабинского муниципального района Республики Татарстан"]
[9,"454017_16618545288_10","Муниципальное общеобразовательное учреждение \"Изминская средняя общеобразовательная школа Сабинского муниципального района Республики Татарстан\"",16618545288,"Димитриев","Артур","Владиславович","м","2011-05-07","нет",8,8,50,null,50,100,"участник","нет","Суляйманова Наиля Мансуровна","Муниципальное общеобразовательное учреждение \"Изминская средняя общеобразовательная школа Сабинского муниципального района Республики Татарстан\""]
[10,"454021_16715428882_10","муниципальное бюджетное общеобразовательное учреждение \"Большешинарская средняя общеобразовательная школа имени А.А.Ахунзянова Сабинского муниципального района Республики Татарстан\"",16715428882,"Зиннатова","Иделия","Раилевна","ж","2011-07-06","нет",8,8,14,null,14,100,"участник","нет","Нурмухаметова Разиля Ралифовна","муниципальное бюджетное общеобразовательное учреждение \"Большешинарская средняя общеобразовательная школа имени А.А.Ахунзянова Сабинского муниципального района Республики Татарстан\""]
[11,"451001_16384818197_10","Муниципальное бюджетное общеобразовательное учреждение \"Гимназия п.гт.Богатые Сабы Сабинского муниципального района Республики Татарстан\"",16384818197,"Тимершаехов","Бахтияр","Ильгизаровичм","м","02.01.2011","нет",8,8,7,null,7,100,"участник",{"$f":"$R$32","v":"нет"},"Султанова Ангелиа Алексеевна","Муниципальное бюджетное общеобразовательное учреждение \"Гимназия п.гт.Богатые Сабы Сабинского муниципального района Республики Татарстан\""]
[12,"454006_16430542038_10","Муниципальное бюджетное общеобразовательное учреждение \"Юлбатская основная общеобразовательная школа Сабинского муниципального района Республики Татарстан\"",16430542038,"Калимуллина","Лейля","Ильнуровна","ж","2011-02-21","нет",8,8,58,null,58,100,"призер","нет","Гатауллина Дина Ильдусовна","Муниципальное бюджетное общеобразовательное учреждение \"Юлбатская основная общеобразовательная школа Сабинского муниципального района Республики Татарстан\""]
[13,"451024_16702431547_10","Муниципальное бюджетное общеобразовательное учреждение \"Сабинская средняя общеобразовательная школа Сабинского муниципального района Республики Татарстан\"",16702431547,"Зиннатуллин","Карим","Рамилевич","м","17.06.2011","нет",8,8,70,null,70,100,"победитель","нет","Юсупова Ризаля Зуфаровна","Муниципальное бюджетное общеобразовательное учреждение \"Сабинская средняя общеобразовательная школа Сабинского муниципального района Республики Татарстан\""]
[14,"454019_16209780168_10","Муниципальное бюджетное общеобразовательное учреждение \"Верхнесиметская средняя ощеобразовательная школа Сабинского муниципального района Республики Татарстан\"",16209780168,"Сагитова","Регина","Фаритовна","ж","2010-07-31","нет",9,9,22,null,22,100,"участник","нет","Саубанова Гульнара Ильдусовна","Муниципальное бюджетное общеобразовательное учреждение \"Верхнесиметская средняя ощеобразовательная школа Сабинского муниципального района Республики Татарстан\""]
[15,"454008_15615359268_10","Муниципальное бюджетное общеобразовательное учреждение \"Тимершикская  средняя ощеобразовательная школа Сабинского муниципального района Республики Татарстан\"",15615359268,"Рахматуллина","Амина","Вильнуровна","ж","2009-09-28","нет",9,9,9,null,9,100,"участник","нет","Зарипова Зульфия Фидаиловна","Муниципальное бюджетное общеобразовательное учреждение \"Тимершикская  средняя ощеобразовательная школа Сабинского муниципального района Республики Татарстан\""]
[16,"452003_16028779782_10","Муниципальное бюджетное общеобразовательное учреждение \"Шеморданский лицей \"Рост\" Сабинского муниципального района Республики Татарстан\"",16028779782,"Минеева","Айзиля","Айратовна","ж","2010-05-31","нет",9,9,19,null,19,100,"участник","нет","Хамзина Алия Мислахутдиновна","Муниципальное бюджетное общеобразовательное учреждение \"Шеморданский лицей \"Рост\" Сабинского муниципального района Республики Татарстан\""]
[17,"451002_16271272252_10","Муниципальное бюджетное общеобразовательное учреждение «Центр образования «ОНИКС» для одаренных детей» Сабинского муниципального района Республики Татарстан",16271272252,"Мавлетова\t\n","Аниса","Рустамовна","ж","2010-10-26","нет",9,9,50,null,50,100,"призер","нет","Габдрахманов Салават Саматович","Муниципальное бюджетное общеобразовательное учреждение «Центр образования «ОНИКС» для одаренных детей» Сабинского муниципального района Республики Татарстан"]
[18,"451024_16221194834_10","Муниципальное бюджетное общеобразовательное учреждение \"Сабинская средняя общеобразовательная школа Сабинского муниципального района Республики Татарстан\"",16221194834,"Дмитриева","Диана","Борисовна","ж","16.09.2010","нет",9,9,66,null,66,100,"победитель","нет","Юсупова Ризаля Зуфаровна","Муниципальное бюджетное общеобразовательное учреждение \"Сабинская средняя общеобразовательная школа Сабинского муниципального района Республики Татарстан\""]
[19,"452003_16539224177_10","Муниципальное бюджетное общеобразовательное учреждение \"Шеморданский лицей \"Рост\" Сабинского муниципального района Республики Татарстан\"",16539224177,"Садыйков","Дмитрий","Айдарович","м","2009-07-10","нет",10,10,29,null,29,100,"участник","нет","Гатауллина Эндже Ильнуровна","Муниципальное бюджетное общеобразовательное учреждение \"Шеморданский лицей \"Рост\" Сабинского муниципального района Республики Татарстан\""]
[20,"452003_16155825874_10","Муниципальное бюджетное общеобразовательное учреждение \"Шеморданский лицей \"Рост\" Сабинского муниципального района Республики Татарстан\"",16155825874,"Степанов","Рамин","Андреевич","м","2008-10-08","нет",10,10,27,null,27,100,"участник","нет","Гатауллина Эндже Ильнуровна","Муниципальное бюджетное общеобразовательное учреждение \"Шеморданский лицей \"Рост\" Сабинского муниципального района Республики Татарстан\""]
[21,"452003_16042127418_10","Муниципальное бюджетное общеобразовательное учреждение \"Шеморданский лицей \"Рост\" Сабинского муниципального района Республики Татарстан\"",16042127418,"Хазиев","Самат","Равилевич","м","2008-12-18","нет",10,10,26,null,26,100,"участник","нет","Гатауллина Эндже Ильнуровна","Муниципальное бюджетное общеобразовательное учреждение \"Шеморданский лицей \"Рост\" Сабинского муниципального района Республики Татарстан\""]
[22,"454017_15438763389_10","Муниципальное общеобразовательное учреждение \"Изминская средняя общеобразовательная школа Сабинского муниципального района Республики Татарстан\"",15438763389,"Галиуллин","Ильяр","Маратович","м","2009-04-17","нет",10,10,36,null,36,100,"участник","нет","Суляйманова Наиля Мансуровна","Муниципальное общеобразовательное учреждение \"Изминская средняя общеобразовательная школа Сабинского муниципального района Республики Татарстан\""]
[23,"451001_16332670959_10","Муниципальное бюджетное общеобразовательное учреждение \"Гимназия п.г.т. Богатые Сабы Сабинского муниципального района Республики Татарстан\"",16332670959,"Фарляхов","Альберт","Маратович","м","2009-07-30","нет",10,10,16,null,16,100,"участник","нет","Ахтямзянов Айнур Рамазанович","Муниципальное бюджетное общеобразовательное учреждение \"Гимназия п.г.т. Богатые Сабы Сабинского муниципального района Республики Татарстан\""]
[24,"452003_16056569476_10","Муниципальное бюджетное общеобразовательное учреждение \"Шеморданский лицей \"Рост\" Сабинского муниципального района Республики Татарстан\"",16056569476,"Камалутдинова","Вероника","Маратовна","ж","2008-01-22","нет",11,11,13,null,13,100,"участник","нет","Гатауллина Эндже Ильнуровна","Муниципальное бюджетное общеобразовательное учреждение \"Шеморданский лицей \"Рост\" Сабинского муниципального района Республики Татарстан\""]
[25,"452003_15866085104_10","Муниципальное бюджетное общеобразовательное учреждение \"Шеморданский лицей \"Рост\" Сабинского муниципального района Республики Татарстан\"",15866085104,"Шарипова","Азалия","Ранифовна","ж","2008-05-21","нет",11,11,18,null,18,100,"участник","нет","Гатауллина Эндже Ильнуровна","Муниципальное бюджетное общеобразовательное учреждение \"Шеморданский лицей \"Рост\" Сабинского муниципального района Республики Татарстан\""]
[26,"451002_16079751189_10","Муниципальное бюджетное общеобразовательное учреждение «Центр образования «ОНИКС» для одаренных детей» Сабинского муниципального района Республики Татарстан",16079751189,"Сафин","Адель","Русланович","м","2008-04-06","нет",11,11,51,null,51,100,"участник","нет","Габдрахманов Салават Саматович","Муниципальное бюджетное общеобразовательное учреждение «Центр образования «ОНИКС» для одаренных детей» Сабинского муниципального района Республики Татарстан"]
[27,"451002_15465319878_10","Муниципальное бюджетное общеобразовательное учреждение «Центр образования «ОНИКС» для одаренных детей» Сабинского муниципального района Республики Татарстан",15465319878,"Фатхриев","Рушан","Рустамович","м","2008-11-15","нет",11,11,54,null,54,100,"призер","да","Габдрахманов Салават Саматович","Муниципальное бюджетное общеобразовательное учреждение «Центр образования «ОНИКС» для одаренных детей» Сабинского муниципального района Республики Татарстан"]
[28,"454021_15800716956_10","муниципальное бюджетное общеобразовательное учреждение \"Большешинарская средняя общеобразовательная школа имени А.А.Ахунзянова Сабинского муниципального района Республики Татарстан\"",15800716956,"Мубаракова","Дина","Рамилевна","ж","2007-12-17","нет",11,11,7,null,7,100,"участник","нет","Нурмухаметова Разиля Ралифовна","муниципальное бюджетное общеобразовательное учреждение \"Большешинарская средняя общеобразовательная школа имени А.А.Ахунзянова Сабинского муниципального района Республики Татарстан\""]
[29,"451001_15815366582_10","Муниципальное бюджетное общеобразовательное учреждение \"Гимназия п.г.т. Богатые Сабы Сабинского муниципального района Республики Татарстан\"",15815366582,"Камолов","Камол","Баходурович","м","2008-12-13","нет",11,11,59,null,59,100,"призер","да","Фазылова Гульнара Завдатовна","Муниципальное бюджетное общеобразовательное учреждение \"Гимназия п.г.т. Богатые Сабы Сабинского муниципального района Республики Татарстан\""]
[30,"451001_16091608358_10","Муниципальное бюджетное общеобразовательное учреждение \"Гимназия п.г.т. Богатые Сабы Сабинского муниципального района Республики Татарстан\"",16091608358,"Фасхиев","Ильназ","Ильгамович","м","2008-05-29","нет",11,11,14,null,14,100,"участник","нет","Фазылова Гульнара Завдатовна","Муниципальное бюджетное общеобразовательное учреждение \"Гимназия п.г.т. Богатые Сабы Сабинского муниципального района Республики Татарстан\""]
[31,"451001_16162562455_10","Муниципальное бюджетное общеобразовательное учреждение \"Гимназия п.г.т. Богатые Сабы Сабинского муниципального района Республики Татарстан\"",16162562455,"Бурганов","Бахтияр","Ильшатович","м","2008-04-15","нет",11,11,17,null,17,100,"участник","нет","Фазылова Гульнара Завдатовна","Муниципальное бюджетное общеобразовательное учреждение \"Гимназия п.г.т. Богатые Сабы Сабинского муниципального района Республики Татарстан\""]
[32,"451024_15836092992_10","Муниципальное бюджетное общеобразовательное учреждение \"Сабинская средняя общеобразовательная школа Сабинского муниципального района Республики Татарстан\"",15836092992,"Газизянова","Камиля","Рустемовна","ж","30.12.2007","нет",11,11,63,null,63,100,"победитель","нет","Юсупова Ризаля Зуфаровна","Муниципальное бюджетное общеобразовательное учреждение \"Сабинская средняя общеобразовательная школа Сабинского муниципального района Республики Татарстан\""]

{"sheet":"победители призеры","index":1,"n_rows":9,"n_cols":20,"rows_kept":9}
["№","Код участника","Название ОУ","СНИЛС","Фамилия","Имя","Отчество","Пол","Дата рождения","Участник с ОВЗ","Класс","Класс участия","Первичный балл","Добавлено по итогам апелляций","Итоговый балл","Макс. Балл","Статус","Призер регионального / республиканского этапа прошлого года","Учитель","Место работы учителя"]
[1,"451002_16277180176_10\n","Муниципальное бюджетное общеобразовательное учреждение «Центр образования «ОНИКС» для одаренных детей» Сабинского муниципального района Республики Татарстан",16277180176,"Мартынов\t\n","Дмитрий","Владимирович","м","06.11.2010\n","нет",8,8,55,null,55,100,"призер","нет","Габдрахманов Салават Саматович","Муниципальное бюджетное общеобразовательное учреждение «Центр образования «ОНИКС» для одаренных детей» Сабинского муниципального района Республики Татарстан"]
[2,"454006_16430542038_10","Муниципальное бюджетное общеобразовательное учреждение \"Юлбатская основная общеобразовательная школа Сабинского муниципального района Республики Татарстан\"",16430542038,"Калимуллина","Лейля","Ильнуровна","ж","2011-02-21","нет",8,8,58,null,58,100,"призер","нет","Гатауллина Дина Ильдусовна","Муниципальное бюджетное общеобразовательное учреждение \"Юлбатская основная общеобразовательная школа Сабинского муниципального района Республики Татарстан\""]
[3,"451024_16702431547_10","Муниципальное бюджетное общеобразовательное учреждение \"Сабинская средняя общеобразовательная школа Сабинского муниципального района Республики Татарстан\"",16702431547,"Зиннатуллин","Карим","Рамилевич","м","17.06.2011","нет",8,8,70,null,70,100,"победитель","нет","Юсупова Ризаля Зуфаровна","Муниципальное бюджетное общеобразовательное учреждение \"Сабинская средняя общеобразовательная школа Сабинского муниципального района Республики Татарстан\""]
[4,"451002_16271272252_10","Муниципальное бюджетное общеобразовательное учреждение «Центр образования «ОНИКС» для одаренных детей» Сабинского муниципального района Республики Татарстан",16271272252,"Мавлетова\t\n","Аниса","Рустамовна","ж","2010-10-26","нет",9,9,50,null,50,100,"призер","нет","Габдрахманов Салават Саматович","Муниципальное бюджетное общеобразовательное учреждение «Центр образования «ОНИКС» для одаренных детей» Сабинского муниципального района Республики Татарстан"]
[5,"451024_16221194834_10","Муниципальное бюджетное общеобразовательное учреждение \"Сабинская средняя общеобразовательная школа Сабинского муниципального района Республики Татарстан\"",16221194834,"Дмитриева","Диана","Борисовна","ж","16.09.2010","нет",9,9,66,null,66,100,"победитель","нет","Юсупова Ризаля Зуфаровна","Муниципальное бюджетное общеобразовательное учреждение \"Сабинская средняя общеобразовательная школа Сабинского муниципального района Республики Татарстан\""]
[6,"451002_15465319878_10","Муниципальное бюджетное общеобразовательное учреждение «Центр образования «ОНИКС» для одаренных детей» Сабинского муниципального района Республики Татарстан",15465319878,"Фатхриев","Рушан","Рустамович","м","2008-11-15","нет",11,11,54,null,54,100,"призер","да","Габдрахманов Салават Саматович","Муниципальное бюджетное общеобразовательное учреждение «Центр образования «ОНИКС» для одаренных детей» Сабинского муниципального района Республики Татарстан"]
[7,"451001_15815366582_10","Муниципальное бюджетное общеобразовательное учреждение \"Гимназия п.г.т. Богатые Сабы Сабинского муниципального района Республики Татарстан\"",15815366582,"Камолов","Камол","Баходурович","м","2008-12-13","нет",11,11,59,null,59,100,"призер","да","Фазылова Гульнара Завдатовна","Муниципальное бюджетное общеобразовательное учреждение \"Гимназия п.г.т. Богатые Сабы Сабинского муниципального района Республики Татарстан\""]
[8,"451024_15836092992_10","Муниципальное бюджетное общеобразовательное учреждение \"Сабинская средняя общеобразовательная школа Сабинского муниципального района Республики Татарстан\"",15836092992,"Газизянова","Камиля","Рустемовна","ж","30.12.2007","нет",11,11,63,null,63,100,"победитель","нет","Юсупова Ризаля Зуфаровна","Муниципальное бюджетное общеобразовательное учреждение \"Сабинская средняя общеобразовательная школа Сабинского муниципального района Республики Татарстан\""]